|
|
|
|
| LEADER |
00000naa2a2200000 4500 |
| 001 |
387537 |
| 005 |
20231101063622.0 |
| 035 |
|
|
|a (RuTPU)RU\TPU\prd\17276
|
| 090 |
|
|
|a 387537
|
| 100 |
|
|
|a 20030912a2003 k y0rusy50 ca
|
| 101 |
0 |
|
|a rus
|
| 102 |
|
|
|a RU
|
| 200 |
1 |
|
|a Особенности проектирования первого суверенного нефтепровода Республики Казахстан Кенкияк-Атырау
|f В. В. Махов, С. Г. Токарь
|
| 225 |
1 |
|
|a Трубопроводный транспорт нефти
|
| 461 |
|
1 |
|0 (RuTPU)RU\TPU\prd\1638
|x 0028-2448
|t Нефтяное хозяйство
|o научно-технический производственный журнал
|d 1925-1940, 1946-
|
| 463 |
|
1 |
|0 (RuTPU)RU\TPU\prd\16247
|t № 7
|v С. 111-113
|d 2003
|
| 610 |
1 |
|
|a трубопроводный транспорт
|
| 610 |
1 |
|
|a нефтепровод Кенкиян-Атырау
|
| 610 |
1 |
|
|a Казахстан
|
| 610 |
1 |
|
|a проектирование
|
| 675 |
|
|
|a 622.691.4
|v 3
|
| 675 |
|
|
|a 622.692.4
|v 3
|
| 700 |
|
1 |
|a Махов
|b В. В.
|
| 701 |
|
1 |
|a Токарь
|b С. Г.
|
| 801 |
|
1 |
|a RU
|b 63413507
|c 20030912
|g PSBO
|
| 801 |
|
2 |
|a RU
|b 63413507
|c 20131028
|g PSBO
|
| 942 |
|
|
|c BK
|